书目信息 |
| 题名: |
英国建设工程法
|
|
| 作者: | 王秉乾 , 谭敬慧 著 | |
| 分册: | ||
| 出版信息: | 北京 法律出版社 2010.06 |
|
| 页数: | 512页 | |
| 开本: | 24cm | |
| 丛书名: | ||
| 单 册: | ||
| 中图分类: | D956.122.9 | |
| 科图分类: | ||
| 主题词: | 法律 | |
| 电子资源: | ||
| ISBN: | 7-5118-0764-X | |
| 000 | 00638nam0 2200205 450 | |
| 001 | 1555776229 | |
| 005 | 20151218153056.83 | |
| 010 | @a7-5118-0764-X@dCNY69.00 | |
| 100 | @a20151218d2010 km y0chiy0120 ea | |
| 101 | 0 | @achi |
| 102 | @aCN@b110000 | |
| 200 | 1 | @a英国建设工程法@Aying guo jian she gong cheng fa@f王秉乾,谭敬慧著@Fwang bing qian,tan jing hui zhu |
| 210 | @a北京@c法律出版社@d2010.06 | |
| 215 | @a512页@d24cm | |
| 606 | 0 | @a法律 |
| 690 | @aD956.122.9@v4 | |
| 701 | 0 | @a王秉乾@Awang bing qian@4著 |
| 701 | 0 | @a谭敬慧@Atan jing hui@4著 |
| 801 | 0 | @aCN@b大连网信软件有限公司图书馆·11@c20151218 |
| 905 | @aZUCC@dD956.122.9@eW115 | |
| 英国建设工程法/王秉乾,谭敬慧著.-北京:法律出版社,2010.06 |
| 512页;24cm |
| ISBN 7-5118-0764-X:CNY69.00 |
| ● |
| 相关链接 |
|
|
|
正题名:英国建设工程法
索取号:D956.122.9/W115
 
预约/预借
| 序号 | 登录号 | 条形码 | 馆藏地/架位号 | 状态 | 备注 |
| 1 | 1235243 | 212352434 | 法学院资料室/ [索取号:D956.122.9/W115] | 在馆 |